000 01195nam a2200325 i 4500
001 000042390
003 DO-SdBNP
005 20260327111846.0
007 ta
008 090331s1939 dr 001 0 spa d
040 _aDO-SdBNP
_bspa
_cBNPHU
_erda
041 _aspa
082 4 _a972.9304
_bL965n 1939
_222
100 1 _aLuperón, Gregorio,
_d1839-1897
_eautor
_4aut.
_9888
245 1 0 _aNotas autobiográficas y apuntes históricos /
_cGregorio Luperón.
250 _aSegunda edición
264 1 _aSantiago, República Dominicana :
_bEditorial El Diario,
_c1939.
300 _avolumenes ;
_c22 cm.
336 _atexto
_btxt
_2rdacontent
337 _asin mediación
_bn
_2rdamedia
338 _avolumen
_bnc
_2rdacarrier
500 _aIncluye índice
500 _aOrdenada por el gobierno dominicano con motivo del primer centenario del natalicio del procer (1839-1939)
590 _aInventariado, 2026/BT
651 4 _aRepública Dominicana
_xHistoria
_y1844-1861
_9931
651 4 _aRepública Dominicana
_xHistoria
_xAnexión España 1861-1865
_92029
651 4 _aRepública Dominicana
_xHistoria
_y1865-1915
_92030
910 _aValidado. Control de calidad MFF
942 _2ddc
_cLBS1
999 _c41879
_d41879